000 00955nas a2200313 4500
001 BR2014005151
003 BR-BrBNA
005 20231205124406.0
007 ta
008 230509b bl.|||p| |||| 00| 00por d
040 _aBR-BrBNA
_bpor
_cBiblioteca Nacional de Agricultura
041 _a(En)
072 _aL01
100 1 _aMagnabosco, C.U.
100 1 _aLopes, F.B.
100 1 _aMiyagi, E.S.
100 1 _aLôbo, R.B.
100 1 _aSainz, R.D.
245 1 _aMultivariate approach of inter-relationships among growth, consumption and carcass traits in Nellore cattle
650 _aGADO DE CORTE
650 _aCRESCIMENTO
650 _aCARCAÇA
650 _aGANHO DE PESO
650 _aCONSUMO ALIMENTAR
650 _aMÉTODO ESTATÍSTICO
773 0 _tRevista Ciência Agronômica (Brazil)
_xISSN 0045-6888
_g(Jan-Mar 2014), v. 45(1) p. 168-176
_wBR2014005151
909 _a202311
_bLúcia
_c55
_dLúcia Elande
942 _2AGRIS
_n0
_cANA
999 _c238829
_d238829